Hodnotenie zdrojov včelej lesnej pastvy

Bibliographic Details
Main Author: Nízky, Ireneus, 1912-2000 (Author)
Format: Article
Language:Slovak
ISSN:0139-6064
Subjects:

MARC

LEADER 00000nab a2200000 a 4500
001 vtls000606239
003 SK-MaSNL
005 20260304100059.0
008 250425c1996 xo 0 slo
015 |a SNBRB19rr/mm-uuuuu 
035 |a CL0606378 
035 |a urn:nbn:sk:snk-ab1r61 
035 |a (urnnbn)urn:nbn:sk:snk:ar-0064jw 
035 |a (uuid)a696ee3e-5341-4e23-a8a9-4c2e66f459a5 
040 |a SNKBUCL  |b slo  |c SNKBUCL  |e AACR2 
041 0 |a slo 
044 |a xo  |c SK 
080 |a 638.13(437.6):630(437.6)  |2 1981 
080 |a 630(437.6)  |2 1981 
100 1 |a Nízky, Ireneus,  |d 1912-2000  |4 aut  |9 49160 
245 1 0 |a Hodnotenie zdrojov včelej lesnej pastvy  |c Ireneus Nízky 
650 0 7 |a včelia pastva  |2 snkbucl  |9 81467 
655 7 |a články z novín a časopisov  |2 snkbucl  |9 267496 
773 0 |t Včelár  |g Roč. 70, č. 11 (1996), s. 167  |x 0139-6064 
850 |a Slovenská národná knižnica 
852 |a Slovenská národná knižnica 
954 |a odborná, vedecká literatúra pôvodná (slovenská)  |2 lita 
958 |a article27 
958 |a OND 
958 |a SK 
958 |a RK 
958 |a EUIPO 
992 |a RBX 
999 |c 2835868  |d 2837798